000 00347nam a2200133Ia 4500
005 20251222144700.0
008 251222s9999||||xx |||||||||||||| ||spa||
082 _a509.2/S21
100 _aSantillana Cantella, Tomás
245 0 _aLos Viajes de Raimondi
250 _a1ra.ed.
264 _bOccidental Petrolium Corporation of Peru
942 _cLIB
999 _c17415
_d17415